| 000 | 00389nam a2200169Ia 4500 | ||
|---|---|---|---|
| 008 | 230524s9999 xx 000 0 und d | ||
| 020 | _a8188429252 | ||
| 082 |
_a4.162 _bGUR |
||
| 100 |
_aN.Guruprasad _94737 |
||
| 245 | 0 | _aData Structure Using C | |
| 250 | _a* | ||
| 260 |
_aNEW DELHI _bScitech |
||
| 300 | _aXV;246 | ||
| 500 | _aQuantity Number: 1 | ||
| 650 | _aComp-Sc | ||
| 942 | _cBK | ||
| 999 |
_c6830 _d6830 |
||